Хирургиялық аурулар (Запись № 11644112)

Подробности
000 -МАРКЕР
контрольное поле 02038nam1a2200385 i 4500
001 - ИДЕНТИФИКАТОР ЗАПИСИ
контрольное поле RU\NLR\BIBL_A\011754310
005 - ИДЕНТИФИКАТОР ВЕРСИИ
контрольное поле 20260408071759.0
010 ## - МЕЖДУНАРОДНЫЙ СТАНДАРТНЫЙ НОМЕР КНИГИ (ISBN)
Номер (ISBN) 9785970444597
Уточнения жалпы
Тираж 1000
035 ## - ДРУГИЕ СИСТЕМНЫЕ НОМЕРА
Идентификатор записи (NLR Aleph) 011754310
100 ## - ДАННЫЕ ОБЩЕЙ ОБРАБОТКИ
Данные общей обработки 20180718d2018 um y0rusy50 ca
101 1# - ЯЗЫК РЕСУРСА
Язык текста, звукозаписи и т.д. казахский
Язык оригинала русский
102 ## - СТРАНА ПУБЛИКАЦИИ ИЛИ ПРОИЗВОДСТВА
Страна публикации Российская Федерация
105 ## - ПОЛЕ КОДИРОВАННЫХ ДАННЫХ: ТЕКСТОВЫЕ МАТЕРИАЛЫ, МОНОГРАФИЧЕСКИЕ
Кодированные данные о монографическом текстовом документе ||||j||||||||
200 1# - ЗАГЛАВИЕ И СВЕДЕНИЯ ОБ ОТВЕТСТВЕННОСТИ
Основное заглавие Хирургиялық аурулар
Параллельное заглавие Хирургические болезни
Сведения, относящиеся к заглавию оқулық
-- екi томдық
Первые сведения об ответственности [акад. М.И. Кузин, проф. Н.М. Кузин, проф. П.С. Ветшев и др.]
Последующие сведения об ответственности редакциясын басқарған М.И. Кузин
-- қазақ тiлiне аударылған оқулықтың жалпы редакциясын басқарған А. Н. Баймаханов
-- Министерство образования и науки РФ
Язык параллельного заглавия русский
205 ## - СВЕДЕНИЯ ОБ ИЗДАНИИ
Сведения об издании 4-е изд., перераб. и доп.
210 ## - ПУБЛИКАЦИЯ, РАСПРОСТРАНЕНИЕ И ДР.
Место издания, распространения и т.д. Мәскәу
Имя издателя, распространителя и т. д. ГЭОТАР-Медиа
Дата издания, распространения и т.д. 2018
215 ## - ФИЗИЧЕСКАЯ ХАРАКТЕРИСТИКА
Размеры 25
300 ## - ОБЩИЕ ПРИМЕЧАНИЯ
Текст примечания Авт. указаны на обороте тит. л.
300 ## - ОБЩИЕ ПРИМЕЧАНИЯ
Текст примечания Текст на каз. яз.
510 1# - ПАРАЛЛЕЛЬНОЕ ЗАГЛАВИЕ
Параллельное заглавие Хирургические болезни
Язык заглавия русский
606 ## - НАИМЕНОВАНИЕ ТЕМЫ КАК ПРЕДМЕТ
Наименование темы Хирургические болезни
Формальный подзаголовок Учебники для высших учебных заведений
Системный номер авторитетной/нормативной записи 985984
Идентификатор авторитетной/нормативной записи RU\NLR\AUTH\6653611
686 ## - ИНДЕКСЫ ДРУГИХ КЛАССИФИКАЦИЙ
Индекс Р45я73-1
Код системы
686 1# - ИНДЕКСЫ ДРУГИХ КЛАССИФИКАЦИЙ
Индекс Р45я73-1
701 #1 - ИМЯ ЛИЦА - АЛЬТЕРНАТИВНАЯ ОТВЕТСТВЕННОСТЬ
Начальный элемент ввода Кузин
Часть имени, кроме начального элемента ввода М. И.
Даты 1916-2009
Расширение инициалов личного имени Михаил Ильич
701 #1 - ИМЯ ЛИЦА - АЛЬТЕРНАТИВНАЯ ОТВЕТСТВЕННОСТЬ
Начальный элемент ввода Кузин
Часть имени, кроме начального элемента ввода Н.М.
Даты 1951-
Расширение инициалов личного имени Николай Михайлович
701 #1 - ИМЯ ЛИЦА - АЛЬТЕРНАТИВНАЯ ОТВЕТСТВЕННОСТЬ
Начальный элемент ввода Ветшев
Часть имени, кроме начального элемента ввода П. С.
Расширение инициалов личного имени Петр Сергеевич
702 #1 - ИМЯ ЛИЦА - ВТОРИЧНАЯ ОТВЕТСТВЕННОСТЬ
Начальный элемент ввода Баймаханов
Часть имени, кроме начального элемента ввода А. Н.
Расширение инициалов личного имени Абылай Ниятович
Код отношения Переводчик
712 01 - НАИМЕНОВАНИЕ ОРГАНИЗАЦИИ - ВТОРИЧНАЯ ОТВЕТСТВЕННОСТЬ
Код отношения Прочие
Начальный элемент ввода Российская Федерация
Структурное подразделение Министерство образования и науки
Идентификатор авторитетной/нормативной записи RU\NLR\AUTH\8810055913
Системный номер авторитетной/нормативной записи 612498
852 ## - МЕСТОНАХОЖДЕНИЕ И ШИФР ХРАНЕНИЯ
Идентификатор организации NLR
Шифр хранения (Call Number) ОНЛ
942 ## - ДОПОЛНИТЕЛЬНЫЕ ЭЛЕМЕНТЫ ЗАПИСИ (АБИС)
Тип экземпляра АБИС Книга

Нет доступных экземпляров.